Frankivsʹka encyklopedija

Titel: Frankivsʹka encyklopedija : u 7 tomach / redakcijna kolehija: Mykola Žulynsʹkyj-holova, Jevhen Nachlik-zastupnyk holovy [und neun weitere] ; naukovyj redaktor i uporjadnyk Jevhen Nachlik
Beteiligt: ;
Veröffentlicht: Lʹviv : Vydavnyctvo "Svit", 2016-
Format: Mehrteiliges Werk
Sprache: Ukrainisch
Schriftenreihe/
mehrbändiges Werk:
Serija Ivan Franko i nova ukraïnsʹka literatura. Poperednyky ta sučasnyky
Schlagworte:
Bände: alle Bände anzeigen
ISBN: 9789669140333
Buchumschlag
X
alg: 42374155
001A    $03004:11-12-17 
001B    $01999:31-10-24 $t11:48:04.000 
001D    $03004:11-12-17 
001U    $0utf8 
001X    $00 
002@    $0Acu 
002C    $aText $btxt $2rdacontent 
002D    $aohne Hilfsmittel zu benutzen $bn $2rdamedia 
002E    $aBand $bnc $2rdacarrier 
003@    $0423741551 
004A    $A978-966-91403-3-3 
007A    $0BV044313117 $aBVB 
010@    $aukr 
010E    $erda 
011@    $a2016 $n2016- 
013D    $RLexikon $#Dictionaries $#Dictionnaires $#Reallexikon Formbegriff $#Sachwörterbuch Formbegrif $#Sprachwörterbuch $#Vokabular Wörterbuch $#Vokabularium $#Wörterbücher $#Dictionary $74066724-8 $8Wörterbuch [Ts1] $9085187623 
021A    $aFrankivsʹka encyklopedija $T01 $du 7 tomach $ULatn $hredakcijna kolehija: Mykola Žulynsʹkyj-holova, Jevhen Nachlik-zastupnyk holovy [und neun weitere] ; naukovyj redaktor i uporjadnyk Jevhen Nachlik 
021A    $aФранківська енциклопедія $T01 $dу 7 томах $UCyrl $hредакційна колегія: Микола Жулинський-голова, Євген Нахлік-заступник голови [und neun weitere] ; науковий редактор і упорядник Євген Нахлік 
028C    $BHerausgeber $#Жулинський, Микола Григорович $#Žulinskij, Nikolaj Grigor'evič $#Zhulinskii, Mykola Hrychoriovych $#Z︠H︡ulynsʹkyĭ, Mykola H. $#Z︠H︡ulynsʹkyĭ, Mykola Hryhorovych $#Zhulynsʹkyi, M. H. $#Zhulynsʹkyi, Mykola H. $#Žulinskij, Nikolaj G. $#Žulinskij, Nikolaj Grigorʹevič $#Žulynsʹki, Mykola $#Žulynsʹkyj, Mykola $#Žulynsʹkyj, Mykola H. $#Žulynsʹkyj, M. H. $#Žulynsʹkyj, M. $4edt $7103485198 $8Žulynsʹkyj, Mykola Hryhorovyč$Z1940- [Tp1] $9138881391 
028C    $BHerausgeber $#Nakhlik, I͡E. K. $#Nachlik, E. K. $#Nachlik, Je. K. $#Nachlik, Jevhen K. $#Nahlìk, Êvgen Kazimirovič $#Nakhlik, I͡Evhen Kazymyrovych) $#Nachlik, Evgenij Kazimirovič $#Nachlik, Jevhen $4edt $71080835717 $8Nachlik, Jevhen Kazymyrovyč$Z1956- [Tp3] $9368216004 
033A    $pLʹviv $nVydavnyctvo "Svit" 
036G    $aSerija Ivan Franko i nova ukraïnsʹka literatura. Poperednyky ta sučasnyky 
044K    $qBVB $RBuch $RSchriftsteller $#Literature $#Littérature $#Letteratura $#Literatura $#literature $#Literature $#Literatur $#Literatur $#Belletristik $#Dichtung Literatur $#Schöne Literatur $#Sprachkunst $#Wortkunst $74035964-5 $8Literatur [Tsz] $9085097128 
044K    $qBVB $RUkrainische SSR $#Ukraine $#Ukraine $#Украïна $#Ukrainische SSR $#Ukrajina $#Ukraina $#Ukraïna Ukraine $#Ukraina Ukraine $#Ukrajna $74061496-7 $8Ukraine [Tgz] $9085170801 
044K    $qBVB $RKultur $#Intellectual life $#Vie intellectuelle $#Kulturelles Leben $74126540-3 $8Kulturleben [Ts1] $9085431427 
044K    $qBVB $#Franko, Ivan $#Франко, Іван $#Franko, Iwan Ja. $#Franko, Ivan Ja. $#Franko, I. Ja. $#Franko, Iwan J. $#Franko, Ivan Iakovlevich $#Franko, Ivan Jakovlevič $#Franko, Iwan Jakowlewitsch $#Franko, Iwan Jakowytsch $#Franko, Ivan Jakovlevyč $#Frānkū, Īfān $#Franko, Joannes $#Franko, I. Ia. $#Franko, Ivan Iakovych $#Franko, Iv. $#Franko, Jv. $#Franko, Ivan Jakovič $#Franko, Iwan $#Franko, Ivan Jakovyč $#Franka, Ivana $#Франко, Иван $7118534920 $8Franko, Ivan$Z1856-1916 [Tp1] $9086875981 
045R    $aGeschichte 
045T    $aOST $qDE-12 $2FID 
046L    $aText ukrainisch; kyrillische Schrift 

lok: 42374155 24

exp: 42374155 24 1 #EPN
201B/01 $011-12-17 $t12:55:10.000 
201C/01 $011-12-17 
201U/01 $0utf8 
203@/01 $01012827666 
208@/01 $a11-12-17 $bda 
209B/01 $azur Fortsetzung bestellt (050) $x09 
220C/01 $ajwa
LEADER 00000cam a2200000 ca4500
001 423741551
003 DE-603
005 20241031114804.0
007 tu
008 171211s2016 xx |||| | u00||u|ukr c
020 |a 9789669140333 
035 |a (DE-599)BVBBV044313117 
040 |a DE-603  |b ger  |c DE-603  |d DE-603  |e rda 
041 |a ukr 
084 |a OST  |q DE-12  |2 fid 
245 0 0 |6 880-01/Latn  |a Frankivsʹka encyklopedija  |b u 7 tomach  |c redakcijna kolehija: Mykola Žulynsʹkyj-holova, Jevhen Nachlik-zastupnyk holovy [und neun weitere] ; naukovyj redaktor i uporjadnyk Jevhen Nachlik 
264 1 |a Lʹviv  |b Vydavnyctvo "Svit"  |c 2016- 
336 |a Text  |b txt  |2 rdacontent 
337 |a ohne Hilfsmittel zu benutzen  |b n  |2 rdamedia 
338 |a Band  |b nc  |2 rdacarrier 
490 0 |a Serija Ivan Franko i nova ukraïnsʹka literatura. Poperednyky ta sučasnyky 
546 |a Text ukrainisch; kyrillische Schrift 
600 1 7 |a Franko, Ivan  |d 1856-1916  |0 (DE-588)118534920  |0 (DE-603)086875981  |2 gnd 
648 7 |a Geschichte  |2 gnd 
650 7 |a Literatur  |0 (DE-588)4035964-5  |0 (DE-603)085097128  |2 gnd 
650 7 |a Kulturleben  |0 (DE-588)4126540-3  |0 (DE-603)085431427  |2 gnd 
651 7 |a Ukraine  |0 (DE-588)4061496-7  |0 (DE-603)085170801  |2 gnd 
655 7 |a Wörterbuch  |2 gnd-content  |0 (DE-588)4066724-8  |0 (DE-603)085187623 
700 1 |a Žulynsʹkyj, Mykola Hryhorovyč  |d 1940-  |e Herausgeber  |4 edt  |0 (DE-603)138881391  |0 (DE-588)103485198  |2 gnd 
700 1 |a Nachlik, Jevhen Kazymyrovyč  |d 1956-  |e Herausgeber  |4 edt  |0 (DE-603)368216004  |0 (DE-588)1080835717  |2 gnd 
880 0 0 |6 245-01/Cyrl  |a Франківська енциклопедія  |b у 7 томах  |c редакційна колегія: Микола Жулинський-голова, Євген Нахлік-заступник голови [und neun weitere] ; науковий редактор і упорядник Євген Нахлік 
924 0 |9 603  |a (DE-603)1012827666  |b DE-603  |c HES  |d d